000 00322nam a2200133Ia 4500
008 191201s2009 xx 000 0 und d
100 _aChaturvedi, P D
245 0 _aBusiness communication concepts,cases
250 _aIMP 5th
260 _aN.Delhi
_bpearson
_c2009
300 _a500
650 _aMBA
942 _2ddc
_cBK
_05
999 _c4137
_d4137